[Event "FRA-ch Rapid"]
[Site "Asnieres sur Seine"]
[Date "2023.06.25"]
[Round "1"]
[White "Hajage, Michael"]
[Black "Fedorchuk, Sergey A"]
[Result "0-1"]
[WhiteElo "2066"]
[BlackElo "2579"]
[PlyCount "66"]
[EventDate "2023.06.25"]
[EventType "swiss (rapid)"]
[EventRounds "9"]
[EventCountry "FRA"]
[SourceTitle "CBM 214 Extra"]
[Source "ChessBase"]
[SourceDate "2023.07.31"]
[SourceVersion "1"]
[SourceVersionDate "2023.07.31"]
[SourceQuality "1"]

1. e4 c5 2. Nc3 a6 3. g3 e6 4. Bg2 Nc6 5. d3 g6 6. Nh3 Bg7 7. 0-0 Nge7 8. Be3 d6 9. Qd2 h6 10. f4 Nd4 11. f5 exf5 12. Nf4 fxe4 13. dxe4 0-0 14. Ncd5 Nxd5 15. Nxd5 Kh7 16. c3 Nc6 17. h3 Ne5 18. Qe2 Bd7 19. a4 Bc6 20. Rfd1 b5 21. axb5 Bxb5 22. Qf2 Rb8 23. b3 a5 24. Ra3 Bc6 25. Qd2 a4 26. Rb1 Nc4 27. bxc4 Rxb1+ 28. Kh2 Qb8 29. Ra2 Qb3 30. Rc2 Bxd5 31. exd5 a3 32. h4 Rb2 33. Rxb2 axb2 0-1

[Event "Paris-ch op-C 87th"]
[Site "Paris"]
[Date "2012.07.14"]
[Round "8"]
[White "Trouve, Guillaume"]
[Black "Hajage, Michael"]
[Result "0-1"]
[WhiteElo "1796"]
[BlackElo "1818"]
[PlyCount "54"]
[EventDate "2012.07.07"]
[EventType "swiss"]
[EventRounds "9"]
[EventCountry "FRA"]
[SourceTitle "EXT 2014"]
[Source "ChessBase"]
[SourceDate "2013.11.20"]
[SourceVersion "1"]
[SourceVersionDate "2013.11.20"]
[SourceQuality "1"]

1. e4 e5 2. Nf3 Nc6 3. Bc4 Nf6 4. d3 Bc5 5. c3 d6 6. Nbd2 a6 7. Bb3 Ba7 8. Nf1 Ne7 9. Ng3 Ng6 10. h3 0-0 11. 0-0 Be6 12. Re1 c6 13. d4 Re8 14. Bxe6 fxe6 15. h4 Qc7 16. Bg5 Nf4 17. Qd2 N6h5 18. Nxh5 Nxh5 19. g4 Rf8 20. gxh5 Rxf3 21. Re3 Raf8 22. Rxf3 Rxf3 23. Kg2 Rf8 24. h6 Qf7 25. hxg7 Qf3+ 26. Kg1 Qg4+ 27. Kh2 Rf3 0-1

[Event "Syre Memorial op 34th"]
[Site "Issy les Moulineaux"]
[Date "2011.06.05"]
[Round "6"]
[White "Ziliotto, Thierry"]
[Black "Hajage, Michael"]
[Result "0-1"]
[WhiteElo "2002"]
[BlackElo "1804"]
[PlyCount "48"]
[EventDate "2011.06.03"]
[EventType "swiss"]
[EventRounds "6"]
[EventCountry "FRA"]
[SourceTitle "EXT 2012"]
[Source "ChessBase"]
[SourceDate "2011.11.24"]
[SourceVersion "1"]
[SourceVersionDate "2011.11.24"]
[SourceQuality "1"]

1. d4 d5 2. Nf3 Nf6 3. c4 e6 4. e3 c6 5. Nc3 Bd6 6. Bd3 Nbd7 7. 0-0 dxc4 8. Bxc4 b5 9. Bd3 a6 10. e4 e5 11. h3 exd4 12. Nxd4 Ne5 13. Bc2 c5 14. Nf3 0-0 15. Bf4 Nxf3+ 16. Qxf3 Bxf4 17. Qxf4 Nh5 18. Qe5 b4 19. Nd5 Qh4 20. Ne7+ Kh8 21. Qxc5 Bxh3 22. gxh3 Nf4 23. Qe3 Qg5+ 24. Qg3 Ne2+ 0-1

[Event "Syre Memorial op 33th"]
[Site "Issy les Moulineaux"]
[Date "2010.05.16"]
[Round "5"]
[White "Hajage, Michael"]
[Black "Giffard, Nicolas"]
[Result "0-1"]
[WhiteElo "1653"]
[BlackElo "2333"]
[PlyCount "55"]
[EventDate "2010.05.13"]
[EventType "swiss"]
[EventRounds "6"]
[EventCountry "FRA"]
[SourceTitle "EXT 2011"]
[Source "ChessBase"]
[SourceDate "2010.11.26"]
[SourceVersion "1"]
[SourceVersionDate "2010.11.26"]
[SourceQuality "1"]

1. e4 c6 2. d4 d5 3. e5 Bf5 4. Nf3 e6 5. c3 Nd7 6. Be2 h6 7. Be3 Ne7 8. 0-0 Bh7 9. Nbd2 Nf5 10. Re1 Nxe3 11. fxe3 Be7 12. Nf1 g5 13. Ng3 Bg6 14. Nd2 Qb6 15. b4 Nxe5 16. dxe5 Qxe3+ 17. Kh1 Qxc3 18. Bh5 Bxb4 19. Bxg6 fxg6 20. Ngf1 0-0-0 21. Qa4 Bc5 22. Nf3 Rdf8 23. N3d2 Rf4 24. Qb3 Qxb3 25. Nxb3 Bb6 26. Red1 g4 27. Nd4 Kd7 28. Rac1 0-1